Daddy, papa, and me /

Salvato in:
Dettagli Bibliografici
Autori principali: Newman, Lesléa (Autore), Thompson, Carol (Autore)
Natura: Libro
Lingua:inglese
Pubblicazione: Berkeley, CA : Tricycle Press, 2009
Tags: Aggiungi Tag
Nessun Tag, puoi essere il primo ad aggiungerne!!

MARC

LEADER 00000nam a22000007i 4500
001 IT\ICCU\UBO\3720704
003 ItRI
005 20260115232013.0
008 091113s2009 xxu|||||| ||||| |||||c
020 |a 9781582462622 
040 |b ita  |c importazione bologna sebina 
041 7 |a eng  |2 ISO-639-2 
100 1 |a Newman, Lesléa  |0 IT\ICCU\VIAV\101308  |4 aut 
245 1 0 |a Daddy, papa, and me /  |c by Leslea Newman ; illustrated by Carol Thompson. 
260 |a Berkeley, CA :  |b Tricycle Press,  |c 2009 
300 |a 1 v. (senza paginazione) :  |b in gran parte ill. ;  |c 15x15 cm. 
700 1 |a Thompson, Carol  |0 IT\ICCU\MILV\171999  |4 aut 
942 |2 ddc  |c BK  |n 0 
952 |0 0  |1 0  |4 0  |6 R_741_642000000000000_NEW  |7 0  |9 18739  |a BO  |b BO  |d 2026-01-15  |i 13195  |l 0  |o R 741.642 NEW  |p BO13195  |r 2026-01-15 23:20:13  |w 2026-01-15  |x [Sebina 5] [1 v.]  |y BK  |z 1 v. 
999 |c 15901  |d 15901